Statistics for Languages of the World

Click here to take the quiz!

General Stats

  • This quiz has been taken 119 times
    (95 since last reset)
  • The average score is 264 of 376

Answer Stats

Country Answer % Correct
SpainSpanish
100%
PortugalPortuguese
98%
FranceFrench
98%
UkEnglish
98%
ItalyItalian
97%
BelgiumGerman
97%
MoroccoArabic
97%
RussiaRussian
94%
NetherlandsDutch
92%
SwedenSwedish
92%
GreeceGreek
90%
PolandPolish
90%
NorwayNorwegian
90%
DenmarkDanish
90%
FinlandFinnish
90%
MoldovaRomanian
89%
HungaryHungarian
89%
CzechiaCzech
89%
TurkeyTurkish
89%
LatviaLatvian
89%
EstoniaEstonian
89%
SlovakiaSlovak
87%
LithuaniaLithuanian
87%
SerbiaSerbian
85%
IrelandIrish
84%
JapanJapanese
84%
BosniaCroatian
84%
KosovoAlbanian
84%
ChinaMandarin
84%
IcelandIcelandic
84%
ArmeniaArmenian
82%
SloveniaSlovene
82%
BulgariaBulgarian
82%
South KoreaKorean
81%
MacededoniaMacedonian
81%
GeorgiaGeorgian
79%
VaticanLatin
79%
IndiaHindi
79%
BosniaBosnian
79%
AzerbaijanAzerbaijani
76%
South AfricaAfrikaans
74%
UgandaSwahili
74%
ThailandThai
74%
Cocos (Keeling)IslandMalay
74%
IranPersian
74%
VietnamVietnamese
73%
AndorraCatalan
71%
MongoliaMongolian
71%
BelarusBelarusian
69%
LuxembourgLuxembourgish
68%
South AfricaZulu
66%
IsraelHebrew
66%
Sierra leoneBengali
66%
LaosLao
66%
UzbekistanUzbek
63%
PakistanUrdu
61%
New ZealandMaori
61%
IndiaTamil
60%
IraqTurkmen
60%
BelizeCreole
58%
KazakstanKazakh
58%
KyrgyzstanKyrgyz
58%
MyanmarBurmese
58%
IndonesiaIndonesian
58%
IraqKurdish
55%
EthiopiaAmharic
50%
AfghanistanPashto
50%
NepalNepali
47%
SwazilandSwazi
47%
PhilippinesFilipino
45%
CambodiaKhmer
45%
TajikistanTajiki
45%
IndiaPunjabi
45%
South AfricaSotho
44%
IndiaGujarati
44%
IndiaKannada
37%
ZimbabweXhosa
37%
ZimbabweTswana
35%
IndiaMarathi
34%
PalauPalauan
34%
IndiaMalayalam
32%
Papua New GuineaTok Pisin
32%
IndiaTelugu
31%
BoliviaGuarani
31%
BoliviaAymara
26%
BurundiKirundi
24%
MalaysiaMalaysian
24%
Sri LankaSinhala
23%
ZimbabweVenda
23%
BhutanDzongkha
23%
South AfricaNorthern Sotho
21%
South AfricaNdebele
21%
IndiaAssamese
19%
FijiFiji Hindi
19%
IndiaKashmiri
18%
Papua New GuineaHiri Motu
18%
IndiaSindhi
16%
ZimbabweTsonga
16%
AfghanistanDari
16%
UkraineUkrainean
15%
IndiaKonkani
13%
IndiaOdia
11%
BoliviaUru
11%
IndiaMaithili
10%
Northern Mariana IslandsChamorro
8%
South AfricaSwati
8%
ArubaPapiamento
8%
IndiaBodo
6%
IndiaSantali
6%
Timor-LesteTetun
6%
MaldivesDhivehi
5%
IndiaHo
5%
EritreaTigre
5%
IndiaDogri
5%
IndiaGondi
3%
IraqSyriac
2%
IndiaKhasi
2%
MongoliaBuryat
2%
IndiaTulu
2%
MongoliaManchu
2%
Wallis and FurtunaWallisian
2%
Northern Mariana IslandsCarolinian
2%
BoliviaBaure
2%
EritreaTigrynia
2%
BoliviaTacana
2%
AngolaBantu
2%
Trinidad and TobagoEngllish
0%
AlbaniaAlbanina
0%
BoliviaAraona
0%
MontengroMontnegrin
0%
MongoliaOirat
0%
CroatiaCroatina
0%
MongoliaEvenki
0%
CuracaoPapiemento
0%
BoliviaCayubaba
0%
BoliviaQuecua
0%
BoliviaMovima
0%
BoliviaPuiquina
0%
BoliviaChiquitano
0%
BoliviaAyoreo
0%
BoliviaLeco
0%
BoliviaChacobo
0%
BoliviaKallawaya
0%
BoliviaPauserna
0%
IndiaNeplai
0%
BoliviaReyesano
0%
BoliviaWichi Lhamtes Nocten
0%
BoiviaPacahuara
0%
BoliviaMoore
0%
IndiaBhili
0%
BoliviaCavinena
0%
BoliviaCanichana
0%
BoliviaItonama
0%
IndiaKhandeshi
0%
IndiaKurukh
0%
IndiaMeitei
0%
BoliviaSiriono
0%
IndiaMundari
0%
BoliviaTapiete
0%

Score Distribution

Percentile by Number Answered

Percent of People with Each Score

Your Score History

You have not taken this quiz since the last reset